00550nam a2200205 a 450000100060000000300090000600800410001501500210005602000180007704000280009508200120012310000170013524500510015225000120020326000300021530000190024549000200026450000320028465000280031625170CO-ViMGA141112s2004 ck r 000 u spa d ack - 2012 - xxxx a9789588257839 aCO-ViMGAbspacCO-ViMGA04a808.0681 aChopin, Kate10aUna mujer respetable [braille] / cKate Chopin a1a. ed. aBogotá : bINCI, c2012 a33 p. ; 25 cm. aLibro al viento aTexto en imprenta y braille14aCuentos Estadounidenses